000 00587nam a2200169 a 4500
008 120416s1966 ||||||||||||||||| || u
050 _aHD 82 Mit
100 _aMitchell, Joan
245 1 0 _aGroundwork to economic planning
246 _aforeword by the Rt. Hon. George Grown
260 _aLondon
_bSecker and Warburg
_c(1966)
300 _a316p. : ill.
350 _a0.00
650 _aECONOMIC PLANNING
650 0 _aECONOMICS
995 _D0.00
_FCBU-MAIN LIBRARY (Kitwe)
_H1
_I0.00
_M1
_UAVAILABLE
_ZAnnex Low-Usage Collection
999 _c44982
_d44982